Fictional Newspapers Quiz Stats

Quiz Updated Apr 7, 2014

Challenge
Share
Tweet
Embed
Score 0/25 Timer 07:00
0 Plays Today
Newspaper Title of Source % Correct
The Daily PlanetSuperman
87.4%
The Springfield ShopperThe Simpsons
83.5%
The Daily BugleSpider-Man
74.6%
Bikini Bottom NewsSpongeBob SquarePants
71.5%
Quahog InformantFamily Guy
67.4%
The Daily ProphetHarry Potter
54.8%
Daily SupernovaFuturama
30.2%
The Arlen BystanderKing of the Hill
24.4%
The Amity GazetteJaws
23.8%
The Daily GraniteThe Flintstones
22.9%
Hill Valley TelegraphBack to the Future
22.6%
The New FrontiersmanWatchmen
19.3%
Langley Falls PostAmerican Dad
16.3%
Newspaper Title of Source % Correct
Robot TimesRobots
13.8%
The Maycomb TribuneTo Kill a Mockingbird
12.8%
Central City Picture NewsFlash
7.7%
The Cardiff GazetteDoctor Who
6.1%
The Daily PunctilioA Series of Unfortunate Events
5.3%
New York LedgerLaw & Order
3.8%
The Daily SentinelThe Green Hornet
3.8%
The Daily GlobMonsters, Inc.
3.4%
Chicago ChroniclePerfect Strangers
3.4%
The Sidereal Daily MentionerThe Hitchhikers Guide to the Galaxy
3.3%
The Pickford Penny PincherPhil of the Future
2%
The Papen County PicayunePushing Daisies
1.9%

You're not logged in!

Compare scores with friends on all Sporcle quizzes.
Sign Up with Email
OR
Log In

You Might Also Like...

Show Comments

Extras

Top Quizzes Today


Score Distribution

Your Account Isn't Verified!

In order to create a playlist on Sporcle, you need to verify the email address you used during registration. Go to your Sporcle Settings to finish the process.